| 000 | 00342 a2200109 4500 | ||
|---|---|---|---|
| 001 | ART_46785 | ||
| 005 | 20260410162000.0 | ||
| 008 | 260409a | ||
| 245 | 1 | 0 | _a¿Por qué aún necesitamos al Banco Mundial? |
| 100 | 1 | _aZoellick, Robert Bruce | |
| 773 | 0 |
_tArchivos del presente _g- Año 16, Nº 57/58 (ene. 2012) _wREV28180 |
|
| 999 |
_c31171 _d31171 |
||